Lacan for Beginners /

-д хадгалсан:
Номзүйн дэлгэрэнгүй
Үндсэн зохиолч: Hill, Philip (autor)
Бусад зохиолчид: Leach, David (ilustración) (ilustración)
Формат: Ном
Хэл сонгох:англи
Хэвлэсэн: Nueva York, EUA : Writers and Readers, 1999, c1999
Цуврал:(Beginners Documentary Comic Book)
Нөхцлүүд:
Шошгууд: Шошго нэмэх
Шошго байхгүй, Энэхүү баримтыг шошголох эхний хүн болох!

MARC

LEADER 00000nam^a2200000^a^4500
001 000164602
005 20250521000000.0
009 20260310100950.285
020 |a 0-86316-277-4 
037 |a Acervo ITESO - Biblioteca 
041 |a ING 
082 |a 920. 02  |b PRI V. 13 
100 |a Hill, Philip  |e (autor) 
240 1 1 |a [Principiantes] 
245 1 0 |a Lacan for Beginners /  |c P. Hill ; il. de D. Leach. 
264 4 |a Nueva York, EUA :  |b Writers and Readers,  |c 1999, c1999 
300 |a 169 p. 
336 |a texto  |b txt  |2 rdacontenido 
337 |a sin mediación  |b n  |2 rdamedio 
338 |a volumen  |b nc  |2 rdasoporte 
440 1 |a (Beginners Documentary Comic Book) 
649 |a XX 
650 |a Psicoanalistas Franceses 
650 |a Significado 
650 |a Significante 
650 |a Lenguaje y Pensamiento 
650 |a Sexualidad 
650 |a Lo Real, lo Imaginario y lo Simbólico 
650 |a Principio de Placer 
650 |a Deseo 
650 |a Objeto (Psicoanálisis) 
650 |a Histeria 
650 |a Neurosis Obsesivo-Compulsiva 
650 |a Psicosis 
650 |a Topología 
650 |a Cura Psicoanalítica 
650 |a Psicopatología 
650 |a Escuela Francesa de Psicoanálisis 
650 |a Psicoanálisis y Semiótica 
650 |a Psicoanálisis Lacaniano -  |x Historia y Crítica 
650 |a Psicoanálisis Lacaniano -  |x Teoría 
650 |a Psicoanálisis Freudiano 
650 |a Lacan, Jacques 
700 |a Leach, David  |e (ilustración) 
910 |a Fondo General 
920 |a Impresos - Libros 
930 |a Colección General 
905 |a 101 
901 |a 0500098333  |b IT1  |c ACC  |u 20250521 
902 |a https://opac.biblio.iteso.mx/vufind/Record/000164602